000 00522nam a22001697a 4500
003 MACL
005 20160305114443.0
008 160305b xxu||||| |||| 00| 0 eng d
040 _cMACL
041 _aHindi
082 _a891.431
100 _aमिलिन्‍द जगन्‍नाथप्रसाद
_941558
245 _aभूमि की अनुभूति
260 _aग्‍वालियर
_bसाहित्‍य प्रकाशन
650 _aPoetry
_942907
942 _2ddc
_cHIN
999 _c53470
_d53470